The noble scholar, jurist, historian


 His Excellency Dr. Abdul Wahhab bin Ibrahim Abu Sulaiman, may Allah have mercy on him.


 He was born in Umm Al-Qura in the year 1356 AH.

نزهة المقلتين في أخبار الدولتين = (Record no. 11982)

MARC details
000 -LEADER
fixed length control field 01606cam a22003131i 4500
003 - CONTROL NUMBER IDENTIFIER
control field SA-RiAUC
005 - DATE AND TIME OF LATEST TRANSACTION
control field 20250922065724.0
008 - FIXED-LENGTH DATA ELEMENTS--GENERAL INFORMATION
fixed length control field 250919s1992 le g 000 0 ara c
020 ## - INTERNATIONAL STANDARD BOOK NUMBER
International Standard Book Number 3515057226
040 ## - CATALOGING SOURCE
Original cataloging agency LB-JoUSK
Language of cataloging ara
Transcribing agency SA-RiAUC.
Description conventions rda
082 04 - DEWEY DECIMAL CLASSIFICATION NUMBER
Classification number 953.0738
090 ## - LOCALLY ASSIGNED LC-TYPE CALL NUMBER (OCLC); LOCAL CALL NUMBER (RLIN)
Classification number (OCLC) (R) ; Classification number, CALL (RLIN) (NR) 953.0738
Local cutter number (OCLC) ; Book number/undivided call number, CALL (RLIN) ا ب ن ط
100 1# - MAIN ENTRY--PERSONAL NAME
Personal name ابن الطوير القيسراني، عبد السلام بن الحسن بن عبد السلام،
Dates associated with a name 525-617 هجري
Relator term مؤلف.
245 10 - TITLE STATEMENT
Title نزهة المقلتين في أخبار الدولتين =
Remainder of title Nuzhat al-muqlatayn fi ahbar ad-daulatayn /
Statement of responsibility, etc. ابن الطوير أبو محمد المرتضى عبد السلام بن الحسن القيسراني ؛ أعاد بناءه وحققه وقدم له أيمن فؤاد سيد.
246 31 - VARYING FORM OF TITLE
Title proper/short title Nuzhat al-muqlatayn fi ahbar ad-daulatayn
264 #1 - PRODUCTION, PUBLICATION, DISTRIBUTION, MANUFACTURE, AND COPYRIGHT NOTICE
Place of production, publication, distribution, manufacture بيروت :
Name of producer, publisher, distributor, manufacturer فرانتس شتاينر،
Date of production, publication, distribution, manufacture, or copyright notice 1992.
300 ## - PHYSICAL DESCRIPTION
Extent [متعدد الترقيم] ؛
Dimensions 25 سم.
336 ## - CONTENT TYPE
Content type term نص
Content type code txt
Source rdacontent
Materials specified كتاب
337 ## - MEDIA TYPE
Media type term بدون وسيط
Media type code n
Source rdamedia
338 ## - CARRIER TYPE
Carrier type term مجلد
Carrier type code nc
Source rdacarrier
490 1# - SERIES STATEMENT
Series statement النشرات الإسلامية ؛
Volume/sequential designation 39
500 ## - GENERAL NOTE
General note يشتمل على صفحة عنوان بالألمانية.
651 #7 - SUBJECT ADDED ENTRY--GEOGRAPHIC NAME
Geographic name البلاد الإسلامية
General subdivision تاريخ
Chronological subdivision العصر الفاطمي، 909-1171
Source of heading or term aucsh
651 #7 - SUBJECT ADDED ENTRY--GEOGRAPHIC NAME
Geographic name البلاد الإسلامية
General subdivision تاريخ
Chronological subdivision العصر الأيوبي، 1171-1250
Source of heading or term aucsh
700 1# - ADDED ENTRY--PERSONAL NAME
Personal name سيد، أيمن فؤاد،
Dates associated with a name 1949-
Relator term محقق.
830 #2 - SERIES ADDED ENTRY--UNIFORM TITLE
Uniform title النشرات الإسلامية
Volume/sequential designation 39
942 ## - ADDED ENTRY ELEMENTS (KOHA)
Source of classification or shelving scheme Dewey Decimal Classification
Koha item type Books
Suppress in OPAC No
949 ## - LOCAL PROCESSING INFORMATION (OCLC)
a SA-JeALM
d 250919
u mohamedma123
n 1
Holdings
Withdrawn status Lost status Source of classification or shelving scheme Damaged status Not for loan Home library Current library Date acquired Total checkouts Full call number Barcode Date last seen Price effective from Koha item type
    Dewey Decimal Classification     DR AbdElwahab Library DR AbdElwahab Library 09/22/2025   953.0738 ا ب ن ط 000019292 09/22/2025 09/22/2025 Books